[Event "CZE-ch Open 2018"]
[Site "Ostrava"]
[Date "2018.05.02"]
[Round "5"]
[White "Stocek, Jiri"]
[Black "Voloshin, Leonid"]
[Result "1/2-1/2"]
[WhiteElo "2568"]
[BlackElo "2370"]
[Annotator "TA"]
[PlyCount "92"]
[EventDate "2018.??.??"]
[EventCountry "CZE"]
[SourceTitle "playchess.com"]
[Source "ChessBase"]
[SourceQuality "1"]

{[%evp 23,92,50,60,52,70,62,67,24,43,32,23,28,46,42,41,21,50,0,0,0,0,0,0,0,0,0,7,7,2,10,17,10,24,18,53,5,13,10,12,10,15,13,37,37,37,37,37,37,77,77,56,74,64,37,37,37,37,37,37,37,47,55,60,24,25,-8,0,0,0,0,0]} 1. c4 c5 2. Nf3 g6 3. d4 cxd4 4. Nxd4 Bg7 5. e4 Nc6 6. Be3 Nf6 7. Nc3 d6 8. Be2 Nxd4 9. Bxd4 O-O 10. O-O Be6 11. Rc1 Qa5 12. b3 a6 {LiveBook: 10 Games} 13. Qd3 {B38: Sicilian: Maroczy Bind with 5...Bg7 and 7...0-0} Nd7 14. Bxg7 Kxg7 15. Qd2 $146 {White is slightly better.} ({Predecessor:} 15. f4 f6 16. Kh1 Rab8 17. a4 Qb4 18. Rb1 Nc5 19. Qe3 Qb6 20. Rf3 a5 {0-1 (59) Slibar,M (2235)-Gostisa,L (2425) Ljubljana 1997}) 15... Nf6 16. Qb2 Qe5 17. f3 g5 18. Kh1 Rg8 19. Bd3 Kh8 20. Na4 Qxb2 21. Nxb2 Nd7 22. Kg1 b5 23. cxb5 axb5 24. Bb1 Rgc8 25. Nd3 Nc5 26. Nb4 Kg7 27. Kf2 Kf8 28. Ke3 Ke8 29. Rc3 (29. h4 {seems wilder.} h6 30. hxg5 hxg5 31. Rh1 Kd7 32. g4) 29... Na6 30. Rxc8+ Bxc8 31. Nd3 Be6 32. Rc1 Rc8 33. Rxc8+ Bxc8 $14 {[%mdl 4096] Endgame KBN-KBN} 34. Kd4 Kd7 35. Kc3 Kc7 {[#]} 36. Nb4 $1 Nxb4 37. Kxb4 $16 {KB-KB} Kb6 38. Bd3 (38. e5 $5) 38... Bd7 39. a4 bxa4 40. bxa4 {[%cal Bb3a4,Ba4a5][%mdl 32]} h6 41. a5+ Ka7 42. Bb5 Bc8 $1 43. Be8 f5 44. g3 fxe4 {The position is equal.} 45. fxe4 Bb7 46. Bg6 Bc6 {Precision: White = 66%, Black = 52%.} 1/2-1/2

[Event "CZE-ch Open 2018"]
[Site "Ostrava"]
[Date "2018.05.02"]
[Round "5"]
[White "Kislinsky, Alexey"]
[Black "Jasny, Stanislav"]
[Result "1-0"]
[WhiteElo "2509"]
[BlackElo "2379"]
[Annotator "TA"]
[PlyCount "53"]
[EventDate "2018.??.??"]
[EventCountry "CZE"]
[SourceTitle "playchess.com"]
[Source "ChessBase"]
[SourceQuality "1"]

{[%evp 21,53,0,7,0,3,14,39,7,19,26,18,0,20,28,47,56,60,51,69,43,88,0,88,0,296,287,937,914,966,1039,29989,29990,29990,908]} 1. e4 c6 2. d4 d5 3. exd5 cxd5 4. c4 Nf6 5. Nc3 e6 6. a3 Nc6 {[%cal Bb8c6,Bc6e7,Be7f5][%mdl 32]} 7. Nf3 Be7 8. Bd3 O-O 9. cxd5 Nxd5 10. O-O Bf6 11. Be4 Nce7 {LiveBook: 67 Games} 12. h4 {D42: Queen's Gambit Declined: Semi-Tarrasch: 5 cxd5 Nxd5 6 e3 Nc6 7 Bd3} Nf5 $146 ({Predecessor:} 12... Bd7 13. Ng5 g6 14. h5 Bc6 15. Qg4 Bxg5 16. Bxg5 f5 17. Qh4 fxe4 18. Nxd5 Qxd5 19. Bxe7 Rf7 20. hxg6 hxg6 {½-½ (30) Megaranto,S (2528)-Wang,Y (2699) Ashkhabad 2017}) 13. Qd3 {And now Nxd5 would win.} g6 14. Re1 {White is slightly better.} (14. h5 $5) 14... Nxc3 15. bxc3 Nxh4 16. Rb1 Nxf3+ 17. Qxf3 Bg7 18. Bf4 $36 {[%mdl 3072] White has compensation. White has good play.} Qe7 19. a4 a5 20. Rb6 Rd8 21. Bd3 ({White should try} 21. Bxb7 $16 Bxb7 22. Rxb7) 21... e5 (21... Qa3 $11) 22. Rxe5 ({But not} 22. dxe5 $6 Qc7 $11) (22. Bxe5 $16 Rf8 23. Rbb1 Bxe5 24. Rxe5) 22... Qa3 $2 {[%mdl 8192] [#]} (22... Bxe5 $11 23. Bxe5 Qg5) 23. Bc4 $1 $18 {[%cal Rc4f7]} Be6 $2 (23... Qf8 24. Re2 Be6) 24. Rexe6 fxe6 25. Rxb7 {White threatens Be5 and mate.} Qa1+ 26. Kh2 Qe1 {[#]} 27. Rxg7+ $1 {[%mdl 512] Precision: White = 42%, Black = 25%.} 1-0

[Event "CZE-ch Open 2018"]
[Site "Ostrava"]
[Date "2018.05.02"]
[Round "5"]
[White "Simacek, Pavel"]
[Black "Velicka, Petr"]
[Result "1/2-1/2"]
[WhiteElo "2498"]
[BlackElo "2412"]
[Annotator "TA"]
[PlyCount "64"]
[EventDate "2018.??.??"]
[EventCountry "CZE"]
[SourceTitle "playchess.com"]
[Source "ChessBase"]
[SourceQuality "1"]

{[%evp 27,64,0,0,0,0,0,0,0,0,0,0,0,0,0,0,-13,0,0,0,0,0,0,0,0,0,0,0,0,0,0,0,0,0,0,0,0,0,0,0]} 1. c4 c6 2. e4 d5 3. exd5 cxd5 4. d4 Nf6 5. Nc3 Nc6 6. Nf3 Bg4 7. cxd5 Nxd5 8. Qb3 Bxf3 9. gxf3 e6 10. Qxb7 Nxd4 11. Bb5+ Nxb5 12. Qc6+ Ke7 13. Qc5+ {B13: Caro-Kann: Exchange Variation and Panov-Botvinnik Attack} (13. Qxb5 Qd7 14. Nxd5+ Qxd5 15. Qxd5 exd5 16. Be3 Ke6 17. O-O-O Bb4 18. Rd3 Rhc8+ 19. Kb1 Bc5 20. Rc1 Bxe3 21. fxe3 g5 22. Ra3 Rxc1+ 23. Kxc1 a5 24. Kd1 Rb8 25. b3 Rb5 26. Ra4 h5 27. Ke1 f5 28. h3 Kd6 29. Ke2 Rc5 30. Kd2 Rb5 31. Ke2 Rc5 32. Kd2 Rb5 {½-½ (32) Ivanchuk,V (2729)-Najer,E (2706) Kocaeli 2017}) 13... Nd6 14. Nxd5+ exd5 {LiveBook: 3 Games. The position is equal.} 15. O-O Qc8 16. Qxd5 {[#] Bf4 is the strong threat.} Qb7 $1 {[%cal Rb7d5]} 17. Qe5+ Kd7 18. Rd1 Re8 $1 {[%cal Re8e5,Ba8e8,Be8e6,Be6d6][%mdl 32]} ({Of course not} 18... Qxf3 $6 19. Bf4 $16) 19. Qf5+ Re6 {[#] Threatens to win with ...Kc8.} 20. Qxf7+ $1 Be7 21. Bg5 $1 {aiming for Rxd6+!} Re8 {[#] White must now prevent ...Qb5.} 22. Rxd6+ $146 ({Predecessor:} 22. Rd2 h6 23. Be3 Rf8 24. Qxg7 Rff6 25. Kh1 Rxf3 {0-1 (25) Plat,V (2569)-Kjartansson,G (2438) Schwaebisch Gmuend 2018}) 22... Rxd6 23. Re1 {[%cal Re1e7]} Qd5 24. Rxe7+ Rxe7 25. Qxe7+ $11 {[%mdl 4096] Endgame KQR-KQB} Kc6 {Hoping for ...Re6.} 26. Bf4 Rg6+ 27. Bg3 Qxa2 28. Qc7+ Kb5 29. Qb7+ Kc5 30. Qe7+ Kb5 31. Qb7+ Kc5 32. Qe7+ Kb5 {Precision: White = 94%, Black = 75%.} 1/2-1/2

[Event "CZE-ch Open 2018"]
[Site "Ostrava"]
[Date "2018.05.02"]
[Round "5"]
[White "Cernousek, Lukas"]
[Black "Bures, Jaroslav"]
[Result "1-0"]
[WhiteElo "2464"]
[BlackElo "2407"]
[Annotator "TA"]
[PlyCount "51"]
[EventDate "2018.??.??"]
[EventCountry "CZE"]
[SourceTitle "playchess.com"]
[Source "ChessBase"]
[SourceQuality "1"]

{[%evp 22,51,37,35,45,55,48,70,195,192,143,152,352,362,367,366,362,356,404,259,416,411,414,373,387,381,407,394,487,489,468,450]} 1. e4 d6 2. d4 Nf6 3. Nc3 e5 4. Nf3 Nbd7 5. Bc4 Be7 6. a4 O-O 7. O-O c6 8. h3 Nxe4 9. Nxe4 d5 10. Re1 {C41: Philidor Defence} exd4 11. Bxd5 cxd5 12. Ng3 {LiveBook: 9 Games. White is slightly better.} Bf6 $146 ({Predecessor:} 12... d3 13. Qxd3 Nc5 14. Qd1 a5 15. Nd4 Ra6 16. Bf4 Bf6 17. Be5 Bxe5 18. Rxe5 {1-0 (37) Brkic,A (2584)-Laznicka,V (2668) Gjakova 2016}) 13. Nxd4 Ne5 14. Nh5 Nc6 {[#]} (14... Ng6 $14) 15. Nxc6 $1 $18 bxc6 {[#]} 16. Ra3 $1 Bf5 $2 (16... c5 $16 {was necessary.}) 17. Rf3 Bg6 18. Nxf6+ gxf6 19. Bh6 Re8 20. Rxe8+ Qxe8 21. Re3 Qd8 22. h4 {[%cal Bh3h4,Bh4h5][%mdl 32]} d4 23. Rg3 Rb8 24. b3 ({Weaker is} 24. h5 Rxb2 25. Qd3 (25. hxg6 hxg6 26. c3 c5 $18) 25... Rb1+ 26. Kh2 Qd6 $18) 24... d3 25. h5 dxc2 26. Qxc2 {Precision: White = 97%, Black = 17%.} 1-0

[Event "CZE-ch Open 2018"]
[Site "Ostrava"]
[Date "2018.05.02"]
[Round "5"]
[White "Jansa, Vlastimil"]
[Black "Cvek, Robert"]
[Result "1/2-1/2"]
[WhiteElo "2450"]
[BlackElo "2505"]
[Annotator "TA"]
[PlyCount "39"]
[EventDate "2018.??.??"]
[EventCountry "CZE"]
[SourceTitle "playchess.com"]
[Source "ChessBase"]
[SourceQuality "1"]

{[%evp 20,31,15,13,33,-15,-10,-12,-20,-40,-39,-64,-75,-84]} 1. e4 e6 2. d4 d5 3. Nd2 Be7 4. Bd3 c5 5. dxc5 Nf6 6. Qe2 O-O 7. Ngf3 {C03: French Tarrasch: Unusual Black 3rd moves} a5 8. O-O Na6 9. e5 Nd7 10. c4 Naxc5 11. Bc2 {LiveBook: 60 Games} dxc4 12. Qxc4 b5 13. Qg4 Bb7 14. Re1 Qc7 15. Qg3 Rfd8 $1 16. Nd4 {[#]} {Predecessor:} Nxe5 $146 17. Nxb5 Qc6 18. Rxe5 Qxb5 19. Bxh7+ Kf8 20. Re1 {½-½ (20) Solak,D (2632)-Kazhgaleyev,M (2563) Kocaeli 2014} 1/2-1/2

[Event "CZE-ch Open 2018"]
[Site "Ostrava"]
[Date "2018.05.02"]
[Round "5"]
[White "Neuman, Petr"]
[Black "Miesbauer, Jan"]
[Result "1/2-1/2"]
[WhiteElo "2443"]
[BlackElo "2261"]
[Annotator "TA"]
[PlyCount "53"]
[EventDate "2018.??.??"]
[EventCountry "CZE"]
[SourceTitle "playchess.com"]
[Source "ChessBase"]
[SourceQuality "1"]

{[%evp 15,53,71,72,37,35,13,81,69,101,112,104,107,119,118,137,147,150,152,129,94,106,91,106,104,99,0,0,0,0,0,0,0,0,0,0,0,0,0,0,-47]} 1. c4 Nf6 2. Nc3 e6 3. e4 {[%cal Be2e4,Be4e5][%mdl 32]} c5 4. e5 Ng8 5. Nf3 Nc6 6. d4 cxd4 7. Nxd4 Nxd4 8. Qxd4 Ne7 {LiveBook: 5 Games. A19: English Opening: Flohr-Mikenas System with 3...c5} 9. Bd2 $146 (9. Bf4 {feels hotter.} b6 10. O-O-O Bb7 11. f3 Ng6 12. Bg3) ({Predecessor:} 9. Bf4 Nc6 10. Qe3 Qa5 11. O-O-O Bb4 12. Nb5 a6 13. Nd6+ Bxd6 14. exd6 b5 15. Qg3 Rg8 16. Kb1 {1-0 (35) Wojtaszek,R (2711)-Krejci,J (2454) Katowice 2010}) 9... Nc6 10. Qe3 (10. Qg4 {is interesting.} Nxe5 11. Qg3 d6 12. c5 Nc6 13. Nb5) 10... b6 (10... d6 $11 {keeps the balance.}) 11. O-O-O Ba6 12. Kb1 Rc8 13. f4 Bc5 14. Qg3 O-O 15. Ne4 Nd4 16. Bd3 {[#] Threatens to win with Nf6+.} ({Don't play} 16. Nf6+ $6 Kh8 $11) 16... Nf5 17. Qh3 Qh4 18. Qxh4 Nxh4 19. Nxc5 bxc5 20. Be4 ({White should play} 20. g3 $16 Nf5 21. Rhe1) 20... Bxc4 $11 {The position is equal.} 21. Be3 f5 22. exf6 $1 d5 23. fxg7 Rf7 24. g3 dxe4 25. gxh4 Bd3+ 26. Kc1 c4 27. Bd2 {Precision: White = 63%, Black = 76%.} 1/2-1/2

[Event "CZE-ch Open 2018"]
[Site "Ostrava"]
[Date "2018.05.02"]
[Round "5"]
[White "Kraus, Tomas"]
[Black "Malinovsky, Karel"]
[Result "1-0"]
[WhiteElo "2429"]
[BlackElo "2481"]
[Annotator "TA"]
[PlyCount "81"]
[EventDate "2018.??.??"]
[EventCountry "CZE"]
[SourceTitle "playchess.com"]
[Source "ChessBase"]
[SourceQuality "1"]

{[%evp 21,81,7,7,0,0,34,0,0,48,50,42,48,41,41,73,20,142,120,141,51,123,78,78,95,88,88,160,175,137,130,137,119,131,131,121,129,300,282,294,160,161,152,191,117,129,127,122,122,171,107,287,286,260,240,430,419,590,590,925,662,1148,1054]} 1. e4 e5 2. Nf3 Nc6 3. d4 exd4 4. Nxd4 Bc5 5. Nb3 Bb6 6. Nc3 Nf6 7. Qe2 {C45: Scotch Game} (7. Bg5 h6 8. Bh4 d6 9. f3 g5 10. Bg3 Qe7 11. Qd2 Bd7 12. h4 Rg8 13. O-O-O O-O-O 14. hxg5 hxg5 15. Rh6 Be6 16. Bb5 Bxb3 17. axb3 {1-0 (41) Navara,D (2726)-Malakhov,V (2691) Antalya 2017}) 7... O-O 8. Bg5 h6 9. Bh4 a5 10. a4 Nd4 11. Qd3 Nxb3 {LiveBook: 10 Games} 12. cxb3 Re8 13. O-O-O c6 14. Qc2 g5 $146 ({Predecessor:} 14... Qe7) 15. Bg3 d5 {[%cal Rf6e4]} 16. f3 Be6 17. h4 {Strongly threatening hxg5.} Nh5 {[#]} 18. Be1 (18. Bf2 $1 $16) 18... Be3+ (18... d4 $11 {remains equal.}) 19. Kb1 $16 d4 20. Bc4 ({White should play} 20. hxg5 $16 Qxg5 21. Ne2) 20... Ng7 (20... g4 $14) 21. Ne2 g4 22. Bxe6 Rxe6 23. fxg4 Qe7 (23... Qb6 $142) 24. Nxd4 Rxe4 25. Bc3 Rxg4 26. Rhe1 Re8 27. Nf3 {Ne5 is the strong threat.} ({Don't play} 27. Bxa5 $6 Rxh4 28. Nf3 Re4 $14) 27... Re4 28. Bxa5 b5 $2 (28... Nh5 $16 {was worth a try.}) 29. Qxc6 $18 bxa4 30. Rd7 ({White must play} 30. bxa4 $18 {Threatens to win with Bc3.} Re6 31. Qc2) 30... Qe6 31. Qxe6 Nxe6 32. bxa4 (32. b4 $18) 32... Nc5 33. Rd8 Rxd8 34. Bxd8 Nxa4 35. Bf6 (35. Ba5 $18 Re6 36. b4) 35... Nc5 $2 {[#]} (35... Nb6 $16) 36. Rxe3 $1 {[%mdl 512]} Rxe3 37. Bd4 $1 {[%csl LRc5,LRe3]} Re2 $2 (37... Rxf3 38. gxf3 Ne6) 38. Bxc5 Rxg2 (38... f6 $142 39. b4 Kf7) 39. b4 {[%cal Bb2b4,Bb4b5,Bb5b6][%mdl 32] White is clearly winning.} f6 40. b5 Kf7 41. b6 {Precision: White = 55%, Black = 31%.} 1-0

[Event "CZE-ch Open 2018"]
[Site "Ostrava"]
[Date "2018.05.02"]
[Round "5"]
[White "Vykouk, Jan"]
[Black "Haba, Petr"]
[Result "1/2-1/2"]
[WhiteElo "2426"]
[BlackElo "2454"]
[Annotator "TA"]
[PlyCount "55"]
[EventDate "2018.??.??"]
[EventCountry "CZE"]
[SourceTitle "playchess.com"]
[Source "ChessBase"]
[SourceQuality "1"]

{[%evp 20,55,0,0,0,0,12,13,15,10,14,13,22,17,11,2,8,-7,-6,-30,-18,-22,-8,0,0,0,8,6,0,0,0,0,9,9,12,9,13,-4]} 1. e4 e6 2. d4 d5 3. Nd2 c5 4. exd5 Qxd5 5. Ngf3 cxd4 6. Bc4 Qd7 {C07: French Tarrasch: 3...c5, 4 Ngf3 and 4 exd5 Qxd5} (6... Qd8 7. O-O Nc6 8. Nb3 a6 9. Nbxd4 Nxd4 10. Nxd4 Qc7 11. Bd3 Nf6 12. Re1 Bd6 13. h3 O-O 14. Bg5 Be5 15. c3 h6 16. Nf3 Bxc3 {1-0 (51) Mamedov,R (2709)-Le,Q (2737) Huaian 2017}) 7. O-O Nc6 8. Qe2 Nf6 9. Nb3 a6 10. a4 Bd6 11. Rd1 {LiveBook: 28 Games} e5 12. Nbxd4 O-O 13. Nxc6 $1 Qxc6 14. Bg5 {[#]} Bc7 $146 {With the idea ...e4.} 15. Bxf6 Qxf6 16. Bd5 Rb8 17. Qc4 Qe7 18. Re1 Kh8 19. Rad1 b5 20. axb5 {The position is equal.} axb5 21. Qd4 {[%cal Rf3e5]} f6 22. Qh4 Bb7 23. Bxb7 Rxb7 24. Qe4 Bb6 25. Rd5 Rd8 26. Red1 {[#] And now Rxd8+ would win.} Rbd7 27. Rxd7 Rxd7 28. Qa8+ {Precision: White = 68%, Black = 74%.} 1/2-1/2

[Event "CZE-ch Open 2018"]
[Site "Ostrava"]
[Date "2018.05.02"]
[Round "5"]
[White "Zwardon, Vojtech"]
[Black "Plat, Vojtech"]
[Result "1/2-1/2"]
[WhiteElo "2409"]
[BlackElo "2566"]
[Annotator "TA"]
[PlyCount "34"]
[EventDate "2018.??.??"]
[EventCountry "CZE"]
[SourceTitle "playchess.com"]
[Source "ChessBase"]
[SourceQuality "1"]

{[%evp 14,15,37,34]} 1. c4 g6 2. Nc3 Nf6 3. g3 d5 4. cxd5 Nxd5 5. Bg2 Nb6 6. d3 Bg7 7. Be3 Nc6 8. Nf3 {LiveBook: 68 Games} {Predecessor:} O-O $146 9. Qd2 e5 10. h4 h5 11. O-O Nd4 12. Bh6 f6 13. Bxg7 Kxg7 14. Rac1 c6 15. b4 a5 16. bxa5 Nxf3+ 17. Bxf3 Rxa5 {0-1 (41) Faulhaber,R (2459)-Shishkin,V (2459) Untergrombach 2018} 1/2-1/2

[Event "CZE-ch Open 2018"]
[Site "Ostrava"]
[Date "2018.05.02"]
[Round "5"]
[White "Svoboda, Svatopluk"]
[Black "Riha, Vojtech"]
[Result "1-0"]
[WhiteElo "2401"]
[BlackElo "2141"]
[Annotator "TA"]
[PlyCount "55"]
[EventDate "2018.??.??"]
[EventCountry "CZE"]
[SourceTitle "playchess.com"]
[Source "ChessBase"]
[SourceQuality "1"]

{[%evp 16,55,28,1,176,202,194,102,135,148,128,120,92,98,144,120,85,77,45,0,0,0,64,64,398,398,386,383,445,451,497,502,500,493,801,801,801,799,890,903,1348,1325]} 1. e4 c5 2. Nf3 Nc6 3. Bb5 g6 4. O-O Bg7 5. c3 e5 6. d4 cxd4 7. cxd4 Nxd4 8. Nxd4 exd4 9. e5 {LiveBook: 6 Games} Qb6 $2 {[#] B31: Sicilian: 2...Nc6 3 Bb5 g6} (9... Ne7 $11) (9... Ne7 10. Qxd4 O-O 11. Bf4 d5 12. Nc3 Be6 13. Rad1 Qc7 14. Rfe1 h6 15. h3 Rfd8 16. Ba4 a6 17. Rc1 {1-0 (60) Nevednichy,V (2554)-Madrigal,M (2156) Tromsoe 2014}) 10. Na3 $1 $18 {[%cal Ra3c4]} Kf8 11. Qb3 $146 ({White should try} 11. Re1 $18) ({Predecessor:} 11. Qf3 Bxe5 12. Re1 d6 13. Bf4 Kg7 14. Nc4 Qxb5 15. Nxe5 Be6 16. Nd3 Rd8 17. Qg3 Qb6 18. Bg5 Rd7 19. Nf4 Bf5 20. Re8 Qxb2 21. Rae1 Qc3 22. Qh4 h6 23. Rxg8+ Kxg8 24. Re8+ {1-0 (24) Franek,J (1994)-Smolik,B (1954) Czechia 2014}) 11... Bxe5 {White is better.} 12. Nc4 Qf6 13. Qb4+ {[%mdl 1024] White has strong compensation.} Kg7 14. Re1 Bc7 {[#] next ...a6 is good for Black.} 15. Qc5 $1 {[%cal Rc5c7]} ({But not} 15. Re8 $6 d6 $14) 15... Bb6 16. Qa3 Bc7 17. Re8 $40 {[%csl Ge8][%cal Ra3f8][%mdl 128] White is up to no good.} (17. h4 $5 Qxh4 18. Nd6 $11) 17... d6 18. Qg3 h6 (18... a6 $11 19. Ba4 h6) 19. Bf4 $1 $14 {[%cal Rc4d6]} g5 $2 {[%mdl 8192]} (19... Qf5 $14 20. Ba4 Nf6 21. Rxh8 Kxh8 22. Bxd6 Ne4) 20. Bxd6 $18 Bxd6 21. Nxd6 Ne7 22. Ne4 {White is clearly winning.} Qe6 {[#] Hoping for ...Rxe8.} 23. Nxg5 $1 {[%mdl 512]} hxg5 24. Qxg5+ Ng6 (24... Qg6 $142 25. Qe5+ (25. Qxe7 Bf5 $16) 25... Qf6 26. Qxf6+ (26. Qxe7 Bf5 $14) (26. Rxe7 Qxe5 27. Rxe5 Be6 $16) 26... Kxf6) 25. Rxe6 Bxe6 26. Bd3 Rhd8 27. f4 f5 28. h4 {Precision: White = 76%, Black = 35%.} 1-0

[Event "CZE-ch Open 2018"]
[Site "Ostrava"]
[Date "2018.05.02"]
[Round "5"]
[White "Vlasak, Lukas"]
[Black "Malik, Jan"]
[Result "1-0"]
[WhiteElo "2381"]
[BlackElo "2284"]
[Annotator "TA"]
[PlyCount "89"]
[EventDate "2018.??.??"]
[EventCountry "CZE"]
[SourceTitle "playchess.com"]
[Source "ChessBase"]
[SourceQuality "1"]

{[%evp 14,89,44,22,35,21,20,20,33,25,28,29,94,88,116,68,81,62,82,92,101,108,102,114,129,120,131,95,116,111,112,105,154,145,146,141,144,139,158,158,222,158,161,154,146,169,269,246,274,276,277,262,291,291,287,218,217,216,216,218,270,252,264,259,244,243,252,252,293,288,318,302,459,457,445,425,495,469]} 1. d4 d5 2. Bf4 Nf6 3. e3 c5 4. c3 Nc6 5. Nd2 Qb6 (5... Bf5 6. Ngf3 e6 7. Be2 Bd6 8. dxc5 Bxc5 9. Nd4 Bg6 10. Qa4 O-O 11. Nxc6 bxc6 12. Qxc6 Rc8 13. Qa4 Re8 14. O-O e5 {0-1 (57) Le,Q (2737)-Ding,L (2777) Riadh 2017}) 6. Qb3 {D00: 1 d4 d5: Unusual lines} c4 7. Qc2 Bg4 8. Be2 {LiveBook: 10 Games. White is slightly better.} (8. b3 {feels hotter.} cxb3 9. axb3 e6 10. Bd3 Rc8 11. Qb1) 8... Bh5 9. Bxh5 Nxh5 10. Be5 f6 $146 ({Predecessor:} 10... e6 11. Ne2 Be7 12. Nf3 O-O {0-1 (48) Prie,E (2532)-Huerga Leache,M (2440) Elgoibar 2007}) 11. Bg3 e6 12. Ne2 Nxg3 (12... Be7 $11 {remains equal.}) 13. hxg3 $16 O-O-O 14. b3 cxb3 $1 15. axb3 Kb8 16. Rxh7 Rxh7 17. Qxh7 e5 18. f3 Re8 {[#] ...exd4 is the strong threat.} 19. Qg6 Qd8 {Black wants to play ...exd4.} 20. Kf2 exd4 21. exd4 Qe7 22. Qd3 Qc7 23. Nf1 Bd6 24. Ne3 Qf7 25. Re1 a6 26. Qf5 Na5 (26... Rd8 $16 27. Nf4 (27. Nxd5 g6 $17) 27... Bxf4) 27. b4 ({Don't play} 27. Nxd5 $6 Nxb3 28. Ne3 Qe7) ({Don't do} 27. Qxd5 $6 Qxd5 28. Nxd5 Nxb3) 27... Nc4 28. Qxd5 Qxd5 29. Nxd5 Nb2 (29... b6 $142 30. Rh1 Kb7) 30. Nef4 Rc8 31. Rb1 Na4 32. Ne2 Rd8 33. Ne3 b5 34. c4 bxc4 35. Nxc4 Kb7 36. b5 Bc7 37. bxa6+ Kxa6 38. Rb4 Nb6 39. Nxb6 Bxb6 $18 {[%mdl 4096] Endgame KRB-KRN} 40. Ke3 Re8+ 41. Kd3 Rh8 42. Nf4 Rh2 (42... Re8 $142 43. Nd5 Ba5) 43. Rb2 {White is clearly winning.} Rh1 44. Ke4 Rd1 45. Ne6 {Precision: White = 75%, Black = 51%.} 1-0

[Event "CZE-ch Open 2018"]
[Site "Ostrava"]
[Date "2018.05.02"]
[Round "5"]
[White "Cerveny, Martin"]
[Black "Biolek, Richard"]
[Result "0-1"]
[WhiteElo "2379"]
[BlackElo "2447"]
[Annotator "TA"]
[PlyCount "84"]
[EventDate "2018.??.??"]
[EventCountry "CZE"]
[SourceTitle "playchess.com"]
[Source "ChessBase"]
[SourceQuality "1"]

{[%evp 13,84,2,1,-15,-15,-12,0,0,0,-15,0,-68,-30,-31,-24,-31,-28,-80,-73,-127,-125,-102,-118,-119,-108,-106,-64,-58,-109,-104,-88,-82,-77,-219,-154,-180,-110,-85,-29,-21,-8,-8,-16,-70,-17,-88,6,-99,180,168,290,0,0,0,0,0,0,-473,-469,-29985,-29986,-29985,-29985,-29978,-6320,-29993,0,-29996,-29997,-29997,-29998,-29998,-29999]} 1. d4 Nf6 2. Nf3 c5 3. g3 cxd4 4. Nxd4 e5 5. Nb3 d5 6. Bg2 Nc6 7. Bg5 {D02: 1 d4 d5 2 Nf3 sidelines, including 2...Nf6 3 g3 and 2...Nf6 3 Bf4} Be6 {LiveBook: 36 Games} 8. Bxf6 (8. O-O Be7 9. Bxf6 Bxf6 10. c4 dxc4 11. Nc5 e4 12. Nd2 Bxb2 13. Nxe6 fxe6 14. Rb1 c3 15. Bxe4 Qxd2 16. Qxd2 cxd2 17. Rxb2 {½-½ (31) Svidler,P (2734)-Karjakin,S (2753) Khanty-Mansiysk 2015}) 8... gxf6 9. O-O {The position is equal.} a5 $146 ({Predecessor:} 9... Qd7 10. e3 O-O-O 11. Nc3 h5 12. h4 f5 13. Qe2 e4 14. Rfd1 Qe7 {1-0 (57) Neverov,V (2532)-El Ghazali,Y (2312) Cairo 1999}) 10. a4 d4 11. Na3 Qb6 12. Nb5 ({White should try} 12. Qd3 $1 $11) 12... Rd8 13. Nd2 f5 14. c3 Bh6 {Strongly threatening ...dxc3.} 15. Qc2 (15. cxd4 $1 $11 Nxd4 16. Nxd4 Qxd4 17. Nf3) 15... dxc3 $17 16. Nf3 (16. Nb3 $142) 16... cxb2 17. Qxb2 O-O 18. Rab1 e4 $36 {[%mdl 2048] White is under strong pressure.} 19. Nh4 Qc5 20. Qf6 Bg7 21. Qg5 Qe7 22. Qh5 Rd5 $1 23. f4 (23. Bh3 $17 {is a better defense.}) 23... Qd7 24. e3 Rd8 (24... Ne7 $19 {White must now prevent ...Rd2.} 25. Rfc1 Rc8 26. Rxc8+ Qxc8) 25. g4 Ne7 ({Better is} 25... fxg4 $17 26. f5 Re5 27. Qxg4 Bc4) 26. gxf5 $1 $11 Nxf5 27. Bxe4 Nxe3 28. Qxh7+ Kf8 29. Rfe1 (29. f5 $1 $11 {remains equal.} Nxf1 30. fxe6 Rg5+ 31. Kh1 (31. Kxf1 $2 Qxe6 32. Nf3 Qc4+ 33. Kf2 Qc5+ 34. Kf1 Rh5 $19) 31... Ng3+ 32. hxg3 Qxe6 33. Ng6+ Rxg6 34. Bxg6 Qxg6 35. Qxg6 fxg6 36. Nc7) 29... Nf5 (29... Rd1 $17 30. Rbxd1 Nxd1) 30. Nf3 {[#]} (30. Rbc1 $11 Rc8 31. Rxc8+ (31. Bxd5 Rxc1 32. Rxc1 Qxd5 $14) 31... Qxc8 32. Bxd5 Qc5+ 33. Kf1 Qxd5 34. Nxf5 Bxf5 35. Qh4) 30... Rxb5 $4 {[%mdl 8192]} (30... Nh6 $1 $17 {and life is bright. ...Bf5 is the strong threat.} 31. Ne5 Qe7) 31. Rxb5 $18 Nd4 (31... Nd6 $142) 32. Rg5 $2 ({Weaker is} 32. Rxb7 Nxf3+ 33. Bxf3 Qd4+ 34. Kh1 Qxf4 $16) ({White must play} 32. Ne5 $18 Qd6 33. Rxb7 Bxe5 34. fxe5 Qxe5 35. Qh4) 32... f5 $11 {And now ...Nxf3+ would win.} 33. Kh1 fxe4 34. Nh4 {Hoping for f5.} e3 35. Ng6+ $2 {[%mdl 8192]} (35. Rxe3 $11 {and White has nothing to worry.} Qf7 36. Ng6+ Ke8 37. Nh8 Bxh8 38. Qxh8+ Ke7 39. Qh6) 35... Ke8 $19 36. Rxe3 (36. Nh4 $19 Bf6 37. Qh6) 36... Qc6+ 37. Kg1 Qc1+ 38. Kg2 Qd2+ (38... Qxe3 $142 39. Qh5 Qe4+ 40. Kf1 {[#]} Bh3+ $1 {[%mdl 512]} 41. Kf2 Qc2+ 42. Kg3 Qg2+ 43. Kh4 Nf3+ 44. Qxf3 Qxf3 45. Rg3 Bf6+ 46. Kxh3 Qh5+ 47. Nh4 Qxh4+ 48. Kg2 Rd2+ 49. Kf3 Qh5+ 50. Rg4 Qd5+ 51. Kg3 Qg2#) 39. Kf1 Qd1+ $2 (39... Qxe3 {mates} 40. Qh5 Bh3+ 41. Rg2 Qc1+ 42. Kf2 Qd2+ 43. Kg3 Qxg2+ 44. Kh4 Bf6+ 45. Qg5 Qg4#) 40. Re1 $4 {[%mdl 8192]} (40. Kf2 $11 Qd2+ 41. Kf1 Qxe3 42. Qh5 Bh3+ 43. Rg2 Qc1+ 44. Kf2 Qd2+ 45. Qe2+ Qxe2+ 46. Kg3 Qxg2+ 47. Kh4 Qg4#) 40... Qf3+ {Black mates.} 41. Kg1 Ne2+ 42. Rxe2 Rd1+ {Precision: White = 34%, Black = 51%.} 0-1